| 000 | 00898nam a22002177a 4500 | ||
|---|---|---|---|
| 005 | 20230320092151.0 | ||
| 008 | 230301b ||||| |||| 00| 0 eng d | ||
| 020 | _a8123904754 | ||
| 040 | _cAL | ||
| 041 | _aeng | ||
| 082 |
_223 _a576.163 _bJAYM |
||
| 100 |
_aJames M Jay _973696 |
||
| 245 | _aModern Food Micro-Biology | ||
| 250 | _a4th ed. | ||
| 260 |
_aNew Delhi _bCBS Publishers and Distributors _c2005 |
||
| 300 |
_aix,701p. _bPB _c22x14cm. |
||
| 365 |
_2General _aKBI/22-23/135 _b₹446.00 _c₹ _d₹595.00 _e25% _f20/02/2023 |
||
| 520 | _aReading books is a kind of enjoyment. Reading books is a good habit. We bring you a different kinds of books. You can carry this book where ever you want. It is easy to carry. It can be an ideal gift to yourself and to your loved ones. Care instruction keep away from fire. | ||
| 650 |
_2Microbiology _aFood microbiology _976461 |
||
| 942 |
_2ddc _cBK |
||
| 999 |
_c226837 _d226837 |
||